Evo Morales, de la coca al palacio: una oportunidad para la izquierda indígena

Salvato in:
Dettagli Bibliografici
Autori principali: Stefanoni, Pablo (Autore), Alto, Hervé do (Autore)
Natura: Libro
Lingua:spagnolo
Pubblicazione: La Paz Malatesta 2006
Edizione:1a. ed
Soggetti:
Tags: Aggiungi Tag
Nessun Tag, puoi essere il primo ad aggiungerne!!

MARC

LEADER 00000nam a2200000 a 4500
001 UCI0211
003 CL-VaPUC
008 070427e20060000BO |||||||||||||||||spa|d
020 |a 9995400057 
082 0 4 |a 323.84  |b STE  |2 21 
100 0 |a Stefanoni, Pablo  |e author  |9 520318 
700 0 |a Alto, Hervé do  |e author  |9 520319 
245 1 0 |a Evo Morales, de la coca al palacio: una oportunidad para la izquierda indígena 
250 |a 1a. ed 
300 |a 166 p 
942 |c BK 
945 |d 20070427 00:00:00  |a jtorresc 
260 |a La Paz  |b Malatesta  |c 2006 
600 0 |a Morales, Evo  |9 493033 
650 0 |a Política y gobierno  |9 255151 
650 7 |a PROPIEDAD DEL GOBIERNO  |2 CL-VaPUC  |9 520320 
650 0 |a Condiciones económicas  |9 258255 
651 0 |a Bolivia  |9 255454 
583 |a last modification  |c 20130304 04:13:40  |k Rodrigo Vera 
999 |c 325448  |d 325446 
952 |0 0  |1 0  |4 0  |6 323_840000000000000_STE_2006  |7 0  |8 A  |9 406382  |a BIBHIS  |b BIBHIS  |d 2019-11-22  |i 4334027  |o 323.84 STE 2006  |p 4334027  |r 2025-01-20  |w 2019-11-22  |y BK  |k HIS 
952 |0 0  |1 0  |4 0  |6 323_840000000000000_STE_2006  |7 0  |8 A  |9 406383  |a BIBHIS  |b BIBHIS  |d 2019-11-22  |i 4371984  |o 323.84 STE 2006  |p 4371984  |r 2025-01-20  |w 2019-11-22  |y BK  |k HIS